000 007960000a22001210004500
100 1 _aGómez, Lula
245 1 0 _a¿Arte o blasfemia? : La censura contra la libertad de expresión no sólo viene del islam
300 _aVol.0, núm.7 (Abril, 2006), Páginas 16-17
500 _aPeriodista.
520 _aAl dramaturgo cómico Leo Bassi le pusieron una bomba en el camerino en Madrid, que la policia logró desactivar. La Iglesia Católica se fue lanza en ristre contra él. El Partido Popular le quitó la subvención a su obra. Una mujer acabó en el hospital, agredida por comprar una boleta. Y todo por criticar a la religión católica en su espectáculo. El caso de las caricaturas de Mahoma se repite, pero al revés.
773 0 _tArcadia / Andrés Felipe Solano, Editor
942 _cANA
999 _c61767
_d61767